01490nam a2200265 a 4500001001000000005001700010008004100027041000800068044000700076084002200083100003200105245012700137260003800264300002600302500004400328500035000372500004300722500012100765506009200886546005200978600003801030651008101068700004401149700003101193BRCA_491720190320204846.0201010s1823----mx-####f#v---#000-0#spa-# aspa amx aDOC15b.B73c18231 aBravo, Nicolásd1786-185410aDocumento firmado por Don Nicolás Bravo y Guadalupe VictoriacNicolás Bravo Rueda, Guadalupe Victoria, Lucas Alamán. aAntigua, Veracruz, Méxicoc1823 a[4] fojasc30 x 21 cm aDocumento firmado el 11 de Mayo de 1823 aDocumento firmado en la Antigua (Veracruz) por Don Nicolás Bravo y Guadalupe Victoria, dirigida a Don Lucas Alamán, Secretario de Relaciones Exteriores, en la que se informa haber cumplido las ordenes recibidas relativas al embarque de Don Agustín de Iturbide para las costas de Italia y de la paz absoluta en la que se encontraba Veracruz aEl documento tiene la leyenda DOC. #24 aEstado de conservación: Contiene laguna en la esquina inferior derecha en ambas fojas y anotaciones con tinta roja0 aFondo reservado: para su consulta es necesario credencial de usuario y carta de motivos aTexto en: español de principios del siglo XIX14aBravo Rueda, Nicolásd1786-1854 4aMéxicovManuscritoxHistoriayPrimeros gobiernos independientes, 1821-18241 aVictoria, Guadaluped1786-1843eGeneral1 aAlamán, Lucasd1792-1853